000
00206nam a2200085Ia 4500
008
120527s9999 xx 000 0 und d
100
_a
DAVANKOV, et al
245
_a
Ligand Exchange Chromatography
942
_c
BK
999
_c
25821
_d
25821